书目信息 |
| 题名: |
做自己的全科医生
|
|
| 作者: | 麦克麦纳斯 著 ;厚筱 , 马青芳 译 | |
| 分册: | ||
| 出版信息: | 北京 北京理工大学出版社 2009.01 |
|
| 页数: | 237页 | |
| 开本: | 21cm | |
| 丛书名: | ||
| 单 册: | ||
| 中图分类: | R161-49 | |
| 科图分类: | ||
| 主题词: | 保健--bao jian--普及读物 | |
| 电子资源: | ||
| ISBN: | 978-7-5640-1995-2 | |
| 000 | 01168nam0 2200265 450 | |
| 001 | 012009500396 | |
| 005 | 20091015145226.45 | |
| 010 | @a978-7-5640-1995-2@dCNY35.00 | |
| 100 | @a20091015d2009 em y0chiy0120 ea | |
| 101 | 1 | @achi@ceng |
| 102 | @aCN@b110000 | |
| 105 | @ay z 000yy | |
| 106 | @ar | |
| 200 | 1 | @a做自己的全科医生@Azuo zi ji de quan ke yi sheng@d= The ultimate holistic health book@f(英) 黛博拉·麦克麦纳斯著@F(ying)dai bo la·mai ke mai na si zhu@g厚筱, 马青芳译@Ghou xiao,ma qing fang yi@zeng |
| 210 | @a北京@c北京理工大学出版社@d2009.01 | |
| 215 | @a237页@d21cm | |
| 330 | @a阅读本书,你将了解到心理健康状况如何影响你的整体健康水平,如何延缓岁月侵袭的脚步,如何简单有效地摒弃有害身心健康的生活方式,什么才是既能美体塑身又可强身健体的运动方式,如何饮食才能达到储备健康能量的目的以及许多你所不知道的健康知识。 | |
| 500 | 10 | @aUltimate holistic health book@mChinese |
| 606 | 0 | @a保健@Abao jian@j普及读物 |
| 690 | @aR161-49@v4 | |
| 701 | 1 | @a麦克麦纳斯@Amai ke mai na si@g(Mcmanners, Deborah)@4著 |
| 702 | 0 | @a厚筱@Ahou xiao@4译 |
| 702 | 0 | @a马青芳@Ama qing fang@4译 |
| 801 | 0 | @aCN@bQSSK@c20091015 |
| 905 | @b761913-15@dR161-49@eM284@f3 | |
| 做自己的全科医生= The ultimate holistic health book/(英) 黛博拉·麦克麦纳斯著/厚筱, 马青芳译.-北京:北京理工大学出版社,2009.01 |
| 237页;21cm |
| ISBN 978-7-5640-1995-2:CNY35.00 |
| 阅读本书,你将了解到心理健康状况如何影响你的整体健康水平,如何延缓岁月侵袭的脚步,如何简单有效地摒弃有害身心健康的生活方式,什么才是既能美体塑身又可强身健体的运动方式,如何饮食才能达到储备健康能量的目的以及许多你所不知道的健康知识。 |
| ● |
| 相关链接 |
|
|
|
正题名:做自己的全科医生
索取号:R161-49/M284
 
预约/预借
| 序号 | 登录号 | 条形码 | 馆藏地/架位号 | 状态 | 备注 |
| 1 | 761913 | 207619139 | 自科库401/401自科库 5排3列1层/ [索取号:R161-49/M284] | 在馆 | |
| 2 | 761914 | 207619148 | 自科库401/401自科库 5排3列1层/ [索取号:R161-49/M284] | 在馆 | |
| 3 | 761915 | 207619157 | 自科库401/401自科库 5排3列1层/ [索取号:R161-49/M284] | 在馆 |